=LDR 00000nam 2200000 4500 =001 INLIS000000000019113 =005 20130612114220 =008 ***********************************eng** =035 ##$$0010-061300000019113 =041 ##$$a eng =082 ##$$a 828.83 =090 ##$$a 828.83, Dow l =100 ##$$a Dower, Penn =245 ##$$a Lone star ranger, Penn Dower =260 ##$$a 1952 $b London =300 ##$$a 211 hlm, 32 cm =650 ##$$a Kesusastraan inggris =850 ##$$a NBPNMAT